000 00460nam a2200157 a 4500
001 000040449
005 20201002034134.0
008 130826s1993 dr 000 0 spa d
040 _aDO-SdBNP
_bspa
_cBNPHU
082 _axxxx
_bxxxx
100 1 _aValenti Batlle, Teresa
_96604
245 1 0 _aEspacio y transparencia /
_cTeresa Valenti Batlle.
260 _aSanto Domingo :
_bEdiciones MSC,
_c1993.
300 _a226 p. ;
_c23 cm.
590 _aInventariado, 2019/BT
999 _c39939
_d39939